[Event "U.S. Amateur North"]
[Site "Detroit, MI"]
[Date "1999.05.29"]
[Round "2"]
[White "Townsend, Paul"]
[Black "Palmer, Tony"]
[Result "0-1"]
[WhiteElo "1925"]
[BlackElo "2060"]
[PlyCount "82"]
[EventDate "1999.05.29"]

1. e3 Nf6 2. b3 d5 3. Bb2 c5 4. Nf3 Nc6 5. Be2 e6 6. O-O Bd6 7. d3 e5 8. Nbd2
O-O 9. Re1 Qe7 10. e4 dxe4 11. dxe4 Bc7 12. Bb5 Bg4 13. Bxc6 bxc6 14. h3 Bh5
15. Nc4 Rfe8 16. Qd3 Rad8 17. Qc3 Nd7 18. Rad1 f6 19. Ba3 Nb8 20. Rxd8 Rxd8 21.
Nfd2 Bg6 22. Na5 Bb6 23. b4 cxb4 24. Bxb4 Qd7 25. Ndb3 Bf7 26. Rb1 h6 27. Bc5
Kh7 28. Qe3 Qc7 29. Qc3 Be8 30. Qb4 Na6 31. Bxb6 axb6 32. Qc4 Qc8 33. Qe2 bxa5
34. Nxa5 Nc5 35. Qc4 Ne6 36. Rb7 Nf4 37. Qb3 Bg6 38. Qe3 Rg8 39. f3 Qd8 40.
Nxc6 Qd1+ 41. Kh2 Qxc2 0-1

[Event "U.S. Amateur North U1600"]
[Site "Detroit, MI"]
[Date "1999.05.29"]
[Round "2"]
[White "Thumm, Jon"]
[Black "Johnson, Christopher"]
[Result "1-0"]
[WhiteElo "1159"]
[BlackElo "1284"]
[PlyCount "121"]
[EventDate "1999.05.29"]

1. e4 e5 2. Nf3 Nc6 3. Bb5 d6 4. c3 Bd7 5. O-O Nf6 6. Qe2 d5 7. exd5 Nxd5 8.
Bxc6 Bxc6 9. Qxe5+ Qe7 10. Qf5 Qf6 11. Re1+ Be7 12. Nd4 O-O 13. Qxf6 Bxf6 14.
Nxc6 bxc6 15. d4 Rae8 16. Rxe8 Rxe8 17. Kf1 Be7 18. g3 c5 19. dxc5 Bxc5 20. Nd2
h6 21. c4 Nf6 22. b3 Nd7 23. Nf3 Nf6 24. Rb1 Ne4 25. Rb2 Kh8 26. Re2 Re7 27.
Be3 Bxe3 28. Rxe3 Re6 29. Kg2 Ng5 30. Nd4 Rxe3 31. fxe3 Ne4 32. Nb5 c5 33. Nxa7
Nc3 34. a3 Kg8 35. Nb5 Ne4 36. b4 cxb4 37. axb4 Kf8 38. c5 Nxc5 39. bxc5 Ke8
40. Kf3 Kd7 41. Nd4 Kc7 42. c6 f6 43. Ke4 h5 44. Kf5 Kb6 45. Kg6 Kc7 46. Kxg7
f5 47. Kg6 h4 48. Kxf5 hxg3 49. hxg3 Kc8 50. g4 Kd8 51. g5 Ke8 52. g6 Ke7 53.
g7 Kf7 54. c7 Kxg7 55. c8=Q Kh7 56. Kf4 Kh6 57. Qf8+ Kh7 58. Qf5+ Kh8 59. Ne6
Kg8 60. Qg6+ Kh8 61. Qg7# 1-0

[Event "U.S. Amateur North"]
[Site "Detroit, MI"]
[Date "1999.05.29"]
[Round "3"]
[White "Thomas, Johnny"]
[Black "Turner, Darrell"]
[Result "1-0"]
[WhiteElo "1850"]
[BlackElo "1841"]
[PlyCount "75"]
[EventDate "1999.05.29"]

1. e4 e5 2. Nf3 Nc6 3. Bb5 a6 4. Ba4 Nf6 5. O-O Be7 6. Re1 b5 7. Bb3 d6 8. h3
O-O 9. c3 Na5 10. Bc2 c5 11. d4 Qc7 12. a3 cxd4 13. cxd4 Bb7 14. d5 Rac8 15.
Nc3 Nc4 16. Bd3 Nd7 17. Nd2 Ndb6 18. Nxc4 Nxc4 19. Qg4 Rfe8 20. Rb1 Nxa3 21.
Bh6 Bf8 22. bxa3 Qxc3 23. Re3 Qc7 24. Rg3 g6 25. Bxf8 Kxf8 26. Qg5 Kg7 27. a4
bxa4 28. Rf3 Qe7 29. Rxb7 Qxb7 30. Qf6+ Kg8 31. Bxa6 Qc7 32. Bxc8 Rxc8 33. h4
a3 34. h5 a2 35. Kh2 a1=Q 36. h6 Kf8 37. Qg7+ Ke8 38. Qg8+ 1-0

[Event "U.S. Amateur North U1600"]
[Site "Detroit, MI"]
[Date "1999.05.29"]
[Round "3"]
[White "Sturdivant, Ashley"]
[Black "Williams, Christopher"]
[Result "1-0"]
[WhiteElo "539"]
[BlackElo "803"]
[PlyCount "76"]
[EventDate "1999.05.29"]

1. e4 e5 2. Nf3 Nc6 3. Bc4 Nf6 4. Ng5 d5 5. exd5 Nxd5 6. Nxf7 Kxf7 7. Qf3+ Ke6
8. Nc3 Nd4 9. Bxd5+ Kd6 10. Ne4+ Kxd5 11. Qd3 Ke6 12. c3 Nc6 13. Qc4+ Qd5 14.
Ng5+ Kd6 15. d3 h6 16. Nf7+ Ke6 17. Nxh8 Qxc4 18. dxc4 Kf6 19. O-O Be6 20. b3
Bd6 21. Be3 Rxh8 22. Rad1 h5 23. c5 Be7 24. h4 e4 25. f3 exf3 26. Rxf3+ Bf5 27.
Rd5 g6 28. Rd7 Ne5 29. Rxf5+ gxf5 30. Rxc7 Rd8 31. Rxb7 Ng4 32. Bg5+ Kg6 33. g3
Bxg5 34. hxg5 Kxg5 35. c6 f4 36. c7 f3 37. cxd8=Q+ Kf5 38. Rf7+ Ke4 1-0

[Event "U.S. Amateur North U1600"]
[Site "Detroit, MI"]
[Date "1999.05.29"]
[Round "1"]
[White "Sturdivant, Ashley"]
[Black "Frantz, John W"]
[Result "0-1"]
[WhiteElo "539"]
[BlackElo "1225"]
[PlyCount "36"]
[EventDate "1999.05.29"]

1. e4 c5 2. Nf3 d6 3. Bc4 Nf6 4. Nc3 g6 5. Ng5 e6 6. O-O Bg7 7. d3 Nc6 8. Re1
O-O 9. Bf4 a6 10. e5 Nh5 11. Qd2 Nxf4 12. Qxf4 Bxe5 13. Qh4 h5 14. g4 Nd4 15.
gxh5 Bf6 16. hxg6 Nf3+ 17. Nxf3 Bxh4 18. Nxh4 Qxh4 0-1

[Event "U.S. Amateur North U1600"]
[Site "Detroit, MI"]
[Date "1999.05.29"]
[Round "1"]
[White "Smith, Tyrnn"]
[Black "Boim, Sherman"]
[Result "1/2-1/2"]
[WhiteElo "887"]
[BlackElo "1500"]
[PlyCount "110"]
[EventDate "1999.05.29"]

1. d4 d5 2. c4 e6 3. Nc3 Nf6 4. Nf3 Be7 5. e3 O-O 6. Bd3 dxc4 7. Bxc4 a6 8. O-O
b6 9. Qc2 Bb7 10. Be2 c5 11. Rd1 Qc7 12. dxc5 Qxc5 13. b3 Be4 14. Qb2 Nbd7 15.
Bd2 Ne5 16. Nxe4 Nxe4 17. Nxe5 Bf6 18. f4 g5 19. Qc1 Qe7 20. Bf3 Rac8 21. Nc6
Rxc6 22. Qxc6 Nxd2 23. Rac1 Nxf3+ 24. gxf3 gxf4 25. exf4 Kh8 26. Kf1 Bh4 27.
Qd6 Qe8 28. Qxb6 e5 29. Qb4 exf4 30. Qxf4 Qb5+ 31. Qc4 Qg5 32. Rc2 Rg8 33. Qd4+
f6 34. Rdd2 Qb5+ 35. Rc4 Bg5 36. Rg2 Qf5 37. f4 Qb1+ 38. Ke2 Qxa2+ 39. Kf1 Qb1+
40. Ke2 Qa2+ 41. Qd2 Re8+ 42. Kd1 Qxb3+ 43. Qc2 Qf3+ 44. Kc1 Bxf4+ 45. Kb2 Be5+
46. Ka2 Qd5 47. Rgg4 Rb8 48. Ka3 Qa5+ 49. Qa4 Bd6+ 50. Ka2 Qb6 51. Qc2 Qa5+ 52.
Qa4 Qd2+ 53. Qc2 Qa5+ 54. Qa4 Qd2+ 55. Qc2 Qa5+ 1/2-1/2

[Event "U.S. Amateur North U1600"]
[Site "Detroit, MI"]
[Date "1999.05.29"]
[Round "1"]
[White "Sims, Chris"]
[Black "Mann, Douglas"]
[Result "1-0"]
[WhiteElo "1240"]
[BlackElo "628"]
[PlyCount "81"]
[EventDate "1999.05.29"]

1. e4 g6 2. d4 d6 3. Bc4 Be6 4. Bxe6 fxe6 5. Qg4 Qd7 6. Nf3 Nh6 7. Qh3 Nf7 8.
Nc3 h6 9. e5 Nc6 10. Be3 O-O-O 11. d5 Nfxe5 12. dxc6 Nxc6 13. Nd4 g5 14. Nxe6
Nb4 15. O-O-O Rg8 16. Nxd8 Qxh3 17. gxh3 Kxd8 18. a3 Nc6 19. Ne4 b6 20. Rhg1 e6
21. f4 g4 22. Rxg4 Rg7 23. Rdg1 Ne7 24. Rxg7 Bxg7 25. Rxg7 Kd7 26. Nf6+ Kd8 27.
Rxe7 Kxe7 28. Ng8+ Kd7 29. Nxh6 c5 30. f5 exf5 31. Nxf5 Kc6 32. h4 a5 33. h5 d5
34. h6 c4 35. h7 c3 36. h8=Q Kb5 37. Qe8+ Ka6 38. Qa8+ Kb5 39. Nd6+ Ka4 40.
Qc6+ b5 41. Qxb5# 1-0

[Event "U.S. Amateur North U1600"]
[Site "Detroit, MI"]
[Date "1999.05.29"]
[Round "2"]
[White "Sims, Chris"]
[Black "Griffin, John"]
[Result "1-0"]
[WhiteElo "1240"]
[BlackElo "1511"]
[PlyCount "103"]
[EventDate "1999.05.29"]

1. e4 c5 2. Nf3 Nc6 3. Bc4 e6 4. d3 a6 5. a3 Nge7 6. Nc3 d5 7. exd5 Nxd5 8. Ne4
h6 9. O-O Be7 10. Be3 b6 11. Qe2 Nf6 12. Rad1 Nxe4 13. dxe4 Qc7 14. Bd2 b5 15.
Ba2 Bd7 16. c3 Rd8 17. e5 Bc8 18. Bf4 O-O 19. Bb1 f6 20. Bg3 f5 21. Rfe1 Rxd1
22. Rxd1 Rd8 23. Re1 g5 24. h4 g4 25. Nh2 Bf8 26. f3 h5 27. fxg4 hxg4 28. Bf4
Qh7 29. Bg5 Be7 30. Nxg4 Bxg5 31. hxg5 Kg7 32. Nf6 Qh4 33. Qf2 Qxf2+ 34. Kxf2
Rd2+ 35. Kg3 Kg6 36. Rh1 Nxe5 37. Kf4 Nf7 38. Ng4 Rxg2 39. Ne5+ Nxe5 40. Kxe5
Rxg5 41. Rh8 Rg1 42. Rg8+ Kf7 43. Rxg1 a5 44. b4 cxb4 45. cxb4 axb4 46. axb4
Bd7 47. Bd3 Be8 48. Be2 Bc6 49. Bh5+ Kf8 50. Kxe6 f4 51. Bf7 f3 52. Rg8# 1-0

[Event "U.S. Amateur North U1600"]
[Site "Detroit, MI"]
[Date "1999.05.29"]
[Round "1"]
[White "Shukla, Ravi"]
[Black "Scioly, Tony"]
[Result "0-1"]
[WhiteElo "1074"]
[BlackElo "1593"]
[PlyCount "134"]
[EventDate "1999.05.29"]

1. e4 c5 2. Nf3 d6 3. Bc4 e6 4. d3 Nf6 5. Bg5 Be7 6. Nc3 O-O 7. O-O Nc6 8. Re1
Re8 9. Qe2 d5 10. exd5 exd5 11. Bxf6 dxc4 12. Bg5 cxd3 13. cxd3 Bg4 14. Be3 Nd4
15. Bxd4 cxd4 16. Nb5 Qb6 17. Nbxd4 Bb4 18. Qxe8+ Rxe8 19. Rxe8+ Bf8 20. b3 Bd7
21. Ra8 g6 22. Ne2 Kg7 23. Ne5 Qf6 24. d4 Be6 25. Rxa7 Bd5 26. Nd7 Qg5 27. Ng3
Bd6 28. Re1 h5 29. Kf1 Bb4 30. Ne4 Qf5 31. Re3 Qxd7 32. Ng5 Qg4 33. Nf3 h4 34.
h3 Qc8 35. Ra4 Qc1+ 36. Ne1 Bxe1 37. Rxe1 Bxg2+ 38. Ke2 Qc2+ 39. Ke3 Qc3+ 40.
Ke2 Qxh3 41. Rd1 Bf3+ 42. Ke1 Bxd1 43. Kxd1 Qf3+ 44. Kc2 h3 45. d5 Qxd5 46. Rh4
g5 47. Rh5 Kg6 48. Rxh3 Qf5+ 49. Rd3 Qxf2+ 50. Kc3 g4 51. Rd6+ Kg7 52. Rd4 g3
53. Rg4+ Kh6 54. Rg8 g2 55. Rh8+ Kg7 56. Rh2 g1=Q 57. Rxf2 Qxf2 58. a4 Kf6 59.
a5 Ke5 60. b4 Qd4+ 61. Kb3 Kd5 62. a6 bxa6 63. b5 axb5 64. Ka3 Kc4 65. Ka2 Qd2+
66. Ka1 Qh2 67. Kb1 Kc3 0-1

[Event "U.S. Amateur North U1600"]
[Site "Detroit, MI"]
[Date "1999.05.29"]
[Round "2"]
[White "Scioly, Tony"]
[Black "Hooker, Larry"]
[Result "1-0"]
[WhiteElo "1593"]
[BlackElo "1324"]
[PlyCount "99"]
[EventDate "1999.05.29"]

1. e4 e5 2. Nf3 Nc6 3. Bb5 Bc5 4. O-O Nf6 5. c3 O-O 6. Re1 Re8 7. d4 exd4 8.
cxd4 Bb4 9. Re3 Rxe4 10. Rxe4 Nxe4 11. Qd3 Nd6 12. Bxc6 dxc6 13. Bg5 Qd7 14.
Qb3 Ba5 15. Nc3 Nf5 16. Re1 h6 17. Bf4 Nxd4 18. Nxd4 Qxd4 19. Re8+ Kh7 20. Qc2+
f5 21. Rxc8 Rxc8 22. Qxf5+ g6 23. Qxc8 Qxf4 24. Qd7+ Kg8 25. Qe8+ Kg7 26. Qe7+
Qf7 27. Qe5+ Qf6 28. Qxa5 Qe6 29. Qxc7+ Kf6 30. Qf4+ Ke7 31. Qe4 Qxe4 32. Nxe4
b6 33. f4 Ke6 34. Kf2 Kd5 35. Ke3 c5 36. g4 a5 37. h4 b5 38. Nf6+ Ke6 39. Ng8
h5 40. g5 b4 41. Ke4 a4 42. Nf6 Kd6 43. Nd5 a3 44. bxa3 bxa3 45. Nc3 Kc6 46. f5
gxf5+ 47. Kxf5 c4 48. g6 Kc5 49. g7 Kd4 50. Nb5+ 1-0

[Event "U.S. Amateur North"]
[Site "Detroit, MI"]
[Date "1999.05.29"]
[Round "3"]
[White "Schey, Danny"]
[Black "Garrison, Ray"]
[Result "0-1"]
[WhiteElo "1756"]
[BlackElo "1855"]
[PlyCount "94"]
[EventDate "1999.05.29"]

1. e4 e6 2. d3 d5 3. Nd2 c5 4. Ngf3 Nc6 5. g3 Bd6 6. Bg2 Nge7 7. O-O O-O 8. Re1
Bd7 9. Nf1 Rc8 10. h4 Kh8 11. e5 Bb8 12. h5 Ng8 13. N1h2 Nce7 14. Ng5 Nf5 15.
c3 Qa5 16. Bf4 Qb6 17. Qd2 h6 18. Ngf3 Kh7 19. g4 Nfe7 20. d4 cxd4 21. cxd4 Bb5
22. Rec1 Qa6 23. Nf1 Rxc1 24. Qxc1 Rc8 25. Qd2 Bc7 26. a4 Bd3 27. Ne1 Be2 28.
Ne3 Nc6 29. N1c2 Na5 30. Nb4 Nb3 31. Qc3 Qb6 32. Qxb3 a5 33. Qc2+ Kh8 34. Qxe2
Qxb4 35. Rd1 Qxa4 36. Qc2 Qxc2 37. Nxc2 Bxe5 38. Bxe5 Rxc2 39. Kf1 Rxb2 40. Bf4
a4 41. Rc1 a3 42. Ra1 a2 43. Bc1 Rb1 44. Rxa2 Rxc1+ 45. Ke2 Rc8 46. Ra7 Rb8 47.
Ke3 Ne7 0-1

[Event "U.S. Amateur North"]
[Site "Detroit, MI"]
[Date "1999.05.29"]
[Round "1"]
[White "Schey, Danny"]
[Black "Aldrich, Jeff"]
[Result "1/2-1/2"]
[WhiteElo "1756"]
[BlackElo "2056"]
[PlyCount "117"]
[EventDate "1999.05.29"]

1. e4 c6 2. d4 d5 3. e5 Bf5 4. Nf3 e6 5. Be2 Ne7 6. Nh4 Nd7 7. g4 Be4 8. f3 Bg6
9. Nd2 c5 10. c3 Nc6 11. Nxg6 hxg6 12. Nf1 cxd4 13. cxd4 Qb6 14. Be3 Bb4+ 15.
Kf2 Be7 16. Qd2 Bh4+ 17. Ng3 f6 18. Bd3 Kf7 19. f4 f5 20. Be2 Rac8 21. Rac1 Qb4
22. Qxb4 Nxb4 23. a3 Nc2 24. Kf3 fxg4+ 25. Kf2 g5 26. Bxg4 gxf4 27. Bxf4 Nxd4
28. Kg2 Nc6 29. Rhf1 Ke7 30. Rce1 Na5 31. Re2 Nc4 32. Nh5 g5 33. Bc1 Ndxe5 34.
Bxe6 Kxe6 35. Ng7+ Kd7 36. b3 Nd3 37. Rf7+ Kc6 38. Rc2 Nxc1 39. Rxc1 Kb6 40.
bxc4 Rxc4 41. Rb1+ Ka6 42. Rbxb7 Rc2+ 43. Kh3 Bf2+ 44. Kg4 Rxh2 45. Kxg5 Bb6
46. Rbd7 d4 47. Ne6 Rcg2+ 48. Kf6 Rh6+ 49. Ke7 Re2 50. Rd6 d3 51. Kd7 Rh3 52.
Nc5+ Kb5 53. Nxd3 Rd2 54. Rf5+ Kc4 55. Ne5+ Kc3 56. Rxd2 Kxd2 57. Nc4+ Kc2 58.
Nxb6 axb6 59. Rb5 1/2-1/2

[Event "U.S. Amateur North"]
[Site "Detroit, MI"]
[Date "1999.05.29"]
[Round "2"]
[White "Schell, Ken"]
[Black "Lehotzky, Attila"]
[Result "0-1"]
[WhiteElo "1666"]
[BlackElo "2008"]
[PlyCount "34"]
[EventDate "1999.05.29"]

1. e4 e5 2. Nf3 Nc6 3. Bb5 a6 4. Ba4 b5 5. Bb3 d6 6. O-O Be7 7. d3 Nf6 8. Bg5
h6 9. Bxf6 Bxf6 10. Nc3 Bg4 11. Bd5 Qd7 12. Qe2 Nd4 13. Nxd4 Bxe2 14. Bc6 Bxf1
15. Bxd7+ Kxd7 16. Nf3 b4 17. Nd5 Be2 0-1

[Event "U.S. Amateur North"]
[Site "Detroit, MI"]
[Date "1999.05.29"]
[Round "3"]
[White "Sattler, Peter"]
[Black "Moore, Robert"]
[Result "1-0"]
[WhiteElo "1703"]
[BlackElo "1640"]
[PlyCount "103"]
[EventDate "1999.05.29"]

1. e4 c5 2. Nf3 d6 3. d4 cxd4 4. Nxd4 Nf6 5. Nc3 a6 6. Be2 e6 7. Be3 Be7 8. Qd2
Qc7 9. O-O-O Nc6 10. Nxc6 bxc6 11. f3 Rb8 12. g4 Qa5 13. Qd4 Rb4 14. Qd3 O-O
15. g5 Nd7 16. f4 f6 17. h4 Nc5 18. Qd2 Qb6 19. Bxc5 Qxc5 20. a3 Rb8 21. Na4
Qa7 22. Bd3 Qd4 23. Nc3 d5 24. Be2 Qb6 25. b4 a5 26. Na2 axb4 27. axb4 Qa7 28.
c3 dxe4 29. Bc4 Rd8 30. Qc2 Qe3+ 31. Kb2 Rxd1 32. Qxd1 Qxf4 33. Qh5 Qd2+ 34.
Kb1 g6 35. Qg4 f5 36. Qh3 Bd7 37. h5 Qxg5 38. hxg6 Qxg6 39. Qh2 Bg5 40. Qxb8+
Kf7 41. Qd6 Ke8 42. Rd1 Qf7 43. Nc1 f4 44. Nb3 e3 45. Nc5 f3 46. Nxd7 Bf4 47.
Ne5 Qf5+ 48. Kb2 Bxe5 49. Qd7+ Kf8 50. Bxe6 Qf6 51. Qc8+ Kg7 52. Qg8+ 1-0

[Event "U.S. Amateur North"]
[Site "Detroit, MI"]
[Date "1999.05.29"]
[Round "1"]
[White "Sattler, Peter"]
[Black "Chehayeb, Sal"]
[Result "0-1"]
[WhiteElo "1703"]
[BlackElo "2011"]
[PlyCount "110"]
[EventDate "1999.05.29"]

1. e4 c5 2. Nf3 Nc6 3. d4 cxd4 4. Nxd4 e5 5. Nf3 Bc5 6. Bc4 Nf6 7. O-O O-O 8.
Bg5 h6 9. Bh4 d6 10. Nc3 Be6 11. Nd5 g5 12. Nxf6+ Qxf6 13. Bxe6 fxe6 14. Bg3 h5
15. h3 Rf7 16. c3 a5 17. a3 a4 18. Qe2 Ne7 19. Rad1 Rg7 20. b4 axb3 21. Qc4 Ng6
22. Rb1 h4 23. Bh2 g4 24. hxg4 Nf4 25. g5 Nh3+ 26. gxh3 Qxf3 27. Qxe6+ Kh8 28.
Qh6+ Rh7 29. Qf6+ Qxf6 30. gxf6 Rxa3 31. Kh1 Kg8 32. f4 exf4 33. Bxf4 Kf7 34.
Bc1 Ra4 35. Rxb3 b6 36. Rb1 Rxe4 37. Ra1 Kg6 38. Bb2 Rf7 39. Rad1 Rxf6 40.
Rxf6+ Kxf6 41. Rd2 Kf5 42. Kg2 Re1 43. c4 Ke4 44. Bf6 Rg1+ 45. Kh2 Rc1 46. Bxh4
Rxc4 47. Bg3 d5 48. h4 d4 49. h5 d3 50. h6 Be3 51. h7 Rc8 52. Rb2 Rh8 53. Rb4+
Kf3 54. Rh4 d2 55. Be5 d1=Q 0-1

[Event "U.S. Amateur North"]
[Site "Detroit, MI"]
[Date "1999.05.29"]
[Round "2"]
[White "Santus, Nick"]
[Black "Moore, Robert"]
[Result "1-0"]
[WhiteElo "1862"]
[BlackElo "1640"]
[PlyCount "72"]
[EventDate "1999.05.29"]

1. e4 c5 2. Nf3 d6 3. d4 cxd4 4. Nxd4 Nf6 5. Nc3 a6 6. Bc4 e6 7. Bb3 Be7 8. Be3
Nc6 9. f3 Nxd4 10. Qxd4 O-O 11. O-O-O Qc7 12. g4 Nd7 13. g5 Ne5 14. Rhf1 Bd7
15. h3 b5 16. f4 Nc6 17. Qd2 Na5 18. Kb1 Nxb3 19. cxb3 f5 20. e5 d5 21. Nxd5
exd5 22. Qxd5+ Kh8 23. Qxd7 Qxd7 24. Rxd7 Bb4 25. Rc1 Rfc8 26. Rxc8+ Rxc8 27.
a3 Ba5 28. Ra7 Bd8 29. Rxa6 Kg8 30. Bd2 Be7 31. Bc3 Bc5 32. e6 Be3 33. Be5 Re8
34. Rc6 Kf8 35. Kc2 Rd8 36. Rc7 Bd4 1-0

[Event "U.S. Amateur North"]
[Site "Detroit, MI"]
[Date "1999.05.29"]
[Round "1"]
[White "Santiago, Reynaldo"]
[Black "Libby, Dan"]
[Result "1-0"]
[WhiteElo "2011"]
[BlackElo "1722"]
[PlyCount "59"]
[EventDate "1999.05.29"]

1. e4 c5 2. Nc3 g6 3. g3 Bg7 4. Bg2 Nc6 5. d3 d6 6. f4 e6 7. Nf3 Nge7 8. O-O
O-O 9. Be3 e5 10. Qd2 Bg4 11. h3 Bxf3 12. Bxf3 Nd4 13. Bg2 f5 14. Rae1 Rb8 15.
Nd1 Qc7 16. c3 exf4 17. gxf4 Ne6 18. e5 dxe5 19. fxe5 Bxe5 20. Bh6 Ng7 21. Rxe5
Qxe5 22. Re1 Qc7 23. Bf4 Qd7 24. Bxb8 Rxb8 25. Qe3 Nc6 26. Qxc5 Qxd3 27. Nf2
Qd7 28. Rd1 Qe7 29. Qc4+ Qf7 30. Bd5 1-0

[Event "U.S. Amateur North U1600"]
[Site "Detroit, MI"]
[Date "1999.05.29"]
[Round "2"]
[White "Rojas, Fernando"]
[Black "Culverson, Javin"]
[Result "0-1"]
[WhiteElo "1069"]
[BlackElo "747"]
[PlyCount "46"]
[EventDate "1999.05.29"]

1. e4 e5 2. Nf3 Nc6 3. d3 Be7 4. Nc3 Nf6 5. Bg5 O-O 6. d4 d6 7. Nd5 Nxd5 8.
Bxe7 Qxe7 9. exd5 exd4+ 10. Be2 Qe4 11. Qd3 Qxd3 12. Bxd3 Re8+ 13. Be2 Nb4 14.
Nxd4 Nxd5 15. Rd1 Nf4 16. Rd2 Nxg2+ 17. Kd1 Be6 18. Nb5 Rac8 19. Rg1 Nf4 20.
Bf3 c6 21. Nxa7 Ra8 22. Nxc6 Rxa2 23. Kc1 Ra1# 0-1

[Event "U.S. Amateur North"]
[Site "Detroit, MI"]
[Date "1999.05.29"]
[Round "2"]
[White "Rogers, Bradley"]
[Black "LaForge, Tom"]
[Result "0-1"]
[WhiteElo "2073"]
[BlackElo "1981"]
[PlyCount "80"]
[EventDate "1999.05.29"]

1. d4 e6 2. e4 d5 3. Nc3 Nf6 4. Bg5 Be7 5. e5 Nfd7 6. h4 a6 7. Nf3 c5 8. Bd3
Nc6 9. Bxe7 Qxe7 10. dxc5 Ndxe5 11. O-O Nxf3+ 12. Qxf3 Qxh4 13. Rfe1 O-O 14. a4
Bd7 15. a5 Nb4 16. Re5 f5 17. Qd1 Qd4 18. Re3 Rae8 19. Ne2 Qxc5 20. Nf4 e5 21.
c3 Nxd3 22. Nxd3 Qd6 23. Nb4 Bc6 24. Rh3 f4 25. Qb3 Kh8 26. Rd1 e4 27. Nxd5
Bxd5 28. Rxd5 Qc6 29. c4 Rf6 30. Rdh5 h6 31. Qc3 Qe6 32. b3 e3 33. Kf1 e2+ 34.
Ke1 Kg8 35. c5 Qe4 36. Qc4+ Qxc4 37. bxc4 Rg6 38. Rh2 f3 39. g3 Rg5 40. R2h4
Rd8 0-1

[Event "U.S. Amateur North U1600"]
[Site "Detroit, MI"]
[Date "1999.05.29"]
[Round "3"]
[White "Robertson, John"]
[Black "Smith, Tyrnn"]
[Result "0-1"]
[WhiteElo "1473"]
[BlackElo "887"]
[PlyCount "88"]
[EventDate "1999.05.29"]

1. e4 e5 2. Nf3 Nc6 3. Bb5 Nf6 4. O-O d6 5. Nc3 Bd7 6. d4 a6 7. Bxc6 Bxc6 8.
Re1 Nd7 9. b3 g6 10. Bb2 Bg7 11. Qd2 O-O 12. d5 Bb5 13. Nxb5 axb5 14. c4 bxc4
15. bxc4 Nb6 16. Qc2 Qd7 17. c5 Na4 18. cxd6 cxd6 19. Nd2 Rfc8 20. Qb3 Nc5 21.
Qc3 Na4 22. Qb3 Nxb2 23. Qxb2 f5 24. f3 fxe4 25. fxe4 Bh6 26. Rec1 Be3+ 27. Kh1
Bd4 28. Qb3 Bxa1 29. Rxa1 b5 30. h3 Rc7 31. Qe3 Rac8 32. Nb3 Rc3 33. Qe2 Rc2
34. Qe3 R8c3 35. Qg5 Re2 36. Na5 Rce3 37. Nc6 Re1+ 38. Rxe1 Rxe1+ 39. Kh2 Rxe4
40. Qf6 Qf7 41. Qg5 Qf4+ 42. Qxf4 Rxf4 43. Kg3 Ra4 44. Kf2 Rxa2+ 0-1

[Event "U.S. Amateur North U1600"]
[Site "Detroit, MI"]
[Date "1999.05.29"]
[Round "1"]
[White "Robertson, John"]
[Black "Peiris, Eshal"]
[Result "1-0"]
[WhiteElo "1473"]
[BlackElo "848"]
[PlyCount "80"]
[EventDate "1999.05.29"]

1. e4 e5 2. Nf3 Nc6 3. Bb5 d6 4. d4 Bd7 5. Nc3 a6 6. Bxc6 Bxc6 7. dxe5 dxe5 8.
Qxd8+ Rxd8 9. Nxe5 Bb4 10. Nxc6 bxc6 11. Bd2 h6 12. O-O-O Nf6 13. f3 O-O 14.
Rhe1 Rfe8 15. a3 Bxc3 16. Bxc3 Rxd1+ 17. Rxd1 Nh5 18. g3 Re6 19. Rd7 Nf6 20.
Rxc7 Ne8 21. Ra7 c5 22. Ra8 Kh7 23. Rc8 Nd6 24. Rc6 Nc4 25. Rxe6 fxe6 26. Kd1
Ne3+ 27. Kd2 Nc4+ 28. Kd3 Nd6 29. Be5 Nf7 30. f4 Kg6 31. Kc4 Kh5 32. Bxg7 Kg4
33. Kxc5 Kh3 34. b4 Kxh2 35. g4 Kg3 36. f5 exf5 37. gxf5 h5 38. f6 Kf3 39. Kd5
Kg4 40. c4 Ng5 {[Remainder illegible]} 1-0

[Event "U.S. Amateur North U1600"]
[Site "Detroit, MI"]
[Date "1999.05.29"]
[Round "2"]
[White "Pascoe, Bramwell"]
[Black "Grzegorczyk, Ron"]
[Result "1/2-1/2"]
[WhiteElo "1300"]
[BlackElo "1560"]
[PlyCount "139"]
[EventDate "1999.05.29"]

1. e4 c5 2. Nc3 Nc6 3. f4 e6 4. Bb5 a6 5. Bxc6 bxc6 6. Nf3 d5 7. d3 Ne7 8. Bd2
Bd7 9. Qe2 Ng6 10. exd5 cxd5 11. Nxd5 Bc6 12. Nc3 Be7 13. O-O-O O-O 14. Ne5
Nxe5 15. Qxe5 Bxg2 16. Rhg1 Bf6 17. Qxc5 Bd4 18. Qg5 Qxg5 19. fxg5 Bxg1 20.
Rxg1 Bf3 21. Ne4 Bh5 22. Nc5 Bg6 23. Nd7 Rfd8 24. Ne5 Rac8 25. Kb1 Rd5 26. Bf4
Rcc5 27. Re1 Rc8 28. Re2 Bf5 29. b3 Kf8 30. Re1 Ke7 31. Kb2 a5 32. c4 Rd4 33.
Kc3 Rxf4 34. d4 f6 35. Nd3 Rf3 36. gxf6+ Kxf6 37. Rd1 g5 38. a3 h5 39. b4 axb4+
40. axb4 g4 41. b5 Ke7 42. c5 Kd7 43. Kc4 Bxd3+ 44. Rxd3 h4 45. Rd1 Kc7 46. Re1
Rf6 47. Re4 Rg8 48. b6+ Kc6 49. Re3 g3 50. hxg3 hxg3 51. Ra3 g2 52. Ra7 Rc8 53.
Rg7 Rf2 54. Rg6 Re2 55. d5+ Kd7 56. b7 exd5+ 57. Kd3 Rce8 58. b8=Q Rxb8 59.
Kxe2 Rc8 60. Rxg2 Rxc5 61. Kd3 Kd6 62. Rg6+ Ke5 63. Rg8 Rc6 64. Re8+ Kd6 65.
Rd8+ Kc5 66. Kc3 Rc7 67. Kd3 Rc6 68. Kc3 Kb6+ 69. Kd4 Rc1 70. Rxd5 1/2-1/2

[Event "U.S. Amateur North"]
[Site "Detroit, MI"]
[Date "1999.05.29"]
[Round "1"]
[White "Palmer, Tony"]
[Black "Marson, Michael"]
[Result "1-0"]
[WhiteElo "2060"]
[BlackElo "1785"]
[PlyCount "65"]
[EventDate "1999.05.29"]

1. e4 e6 2. d4 d5 3. Nd2 c5 4. exd5 exd5 5. Ngf3 Nc6 6. Bb5 Bd6 7. O-O Nge7 8.
dxc5 Bxc5 9. Nb3 Bb6 10. Bg5 O-O 11. Nbd4 f6 12. Bf4 Nxd4 13. Nxd4 Nf5 14. Nxf5
Bxf5 15. Ba4 Be6 16. Re1 Bf7 17. Qg4 d4 18. Qg3 Bc5 19. Bh6 Bg6 20. Bb3+ Kh8
21. Bf4 Qb6 22. Bc7 Qc6 23. Re6 Qd7 24. Bd6 b6 25. Bxf8 Rxf8 26. Rae1 Bb4 27.
c3 dxc3 28. bxc3 Bc5 29. h3 Bf5 30. R6e2 Qc6 31. Rd1 Qb5 32. Red2 a5 33. Rd8
1-0

[Event "U.S. Amateur North"]
[Site "Detroit, MI"]
[Date "1999.05.29"]
[Round "3"]
[White "Palmer, Tony"]
[Black "Jarosz, Stan"]
[Result "1/2-1/2"]
[WhiteElo "2060"]
[BlackElo "2005"]
[PlyCount "71"]
[EventDate "1999.05.29"]

1. e4 c5 2. Nf3 e6 3. d4 cxd4 4. Nxd4 Nf6 5. Nc3 d6 6. Bc4 Nc6 7. Be3 Be7 8.
Qe2 a6 9. O-O-O Qc7 10. Bb3 O-O 11. Rhg1 b5 12. g4 b4 13. g5 bxc3 14. gxf6
cxb2+ 15. Kb1 Bxf6 16. Qf3 Be5 17. Bh6 g6 18. Nxc6 Qxc6 19. Bxf8 Kxf8 20. h4 a5
21. a4 Ba6 22. Bxe6 Qc7 23. h5 Bc4 24. Bxc4 Qxc4 25. Qb3 Rc8 26. hxg6 hxg6 27.
Rd5 Qxe4 28. Rxa5 Rc3 29. Rxe5 Qxe5 30. Qxb2 Rc4 31. Qxe5 dxe5 32. Rg5 f6 33.
Rxg6 Kf7 34. Rg3 Rxa4 35. Kb2 Rf4 36. f3 1/2-1/2

[Event "U.S. Amateur North U1600"]
[Site "Detroit, MI"]
[Date "1999.05.29"]
[Round "1"]
[White "Norwood, Wayne"]
[Black "Smith, Glenn"]
[Result "0-1"]
[WhiteElo "1046"]
[BlackElo "1560"]
[PlyCount "66"]
[EventDate "1999.05.29"]

1. e4 e6 2. d4 d5 3. e5 a6 4. Nf3 c5 5. c3 Nc6 6. Bd3 Qb6 7. O-O cxd4 8. cxd4
Bd7 9. Nc3 Nxd4 10. Be3 Nxf3+ 11. Qxf3 d4 12. Be4 Bc5 13. Nd1 dxe3 14. fxe3 Nh6
15. Bxb7 Rb8 16. Be4 O-O 17. b3 Nf5 18. Bxf5 exf5 19. Kh1 Rbe8 20. Qd5 Bc6 21.
Qc4 Bb5 22. Qf4 Bxf1 23. Qxf1 Rxe5 24. Nb2 Rfe8 25. Nd3 Rxe3 26. Rc1 Bb4 27. h3
a5 28. Nxb4 Qxb4 29. Kh2 Qd6+ 30. Kh1 Qg3 31. Qb5 Re1+ 32. Rxe1 Rxe1+ 33. Qf1
Rxf1# 0-1

[Event "U.S. Amateur North U1600"]
[Site "Detroit, MI"]
[Date "1999.05.29"]
[Round "2"]
[White "Neigebauer, Kent"]
[Black "Robertson, John"]
[Result "1/2-1/2"]
[WhiteElo "1148"]
[BlackElo "1473"]
[PlyCount "47"]
[EventDate "1999.05.29"]

1. d4 d5 2. Nf3 Nf6 3. e3 e6 4. Bd3 c5 5. c3 Nc6 6. Nbd2 Bd6 7. O-O O-O 8. e4
cxd4 9. cxd4 dxe4 10. Nxe4 Nxe4 11. Bxe4 Qc7 12. Bxh7+ Kxh7 13. Ng5+ Kg8 14.
Qh5 Re8 15. Qh7+ Kf8 16. Qh8+ Ke7 17. Qxg7 Rf8 18. Nh7 Ke8 19. Nf6+ Ke7 20. Bg5
Qa5 21. Ng8+ Ke8 22. Nf6+ Kd8 23. Nh7+ Ke8 24. Nf6+ 1/2-1/2